| Tag |
First Indicator |
Second Indicator |
Subfields |
| LEADER |
00000cam a22000004a 4500 |
| 001 |
in00002115521 |
| 005 |
20151103051417.0 |
| 008 |
010605s2001 dcuab b f000 0 eng |
| 010 |
|
|
|a 2001040322
|
| 020 |
|
|
|a 0945274459 (CIP data)
|
| 020 |
|
|
|a 016050905X
|
| 035 |
|
|
|a (OCoLC)ocm47100999
|
| 040 |
|
|
|a DLC
|c DLC
|d OCLCQ
|d BAKER
|d TXA
|d UtOrBLW
|
| 042 |
|
|
|a pcc
|
| 043 |
|
|
|a a-kr---
|a n-us---
|
| 049 |
|
|
|a TXAM
|
| 050 |
0 |
0 |
|a DS920.2.A2
|b A45 2001
|
| 100 |
1 |
|
|a Alexander, Joseph H.,
|d 1938-2014.
|
| 245 |
1 |
0 |
|a Fleet operations in a mobile war :
|b September 1950-June 1951 /
|c Joseph H. Alexander.
|
| 264 |
|
1 |
|a Washington, DC :
|b Naval Historical Center :
|c 2001.
|
| 264 |
|
2 |
|a Washington, DC :
|b For sale by Supt. of Docs., U.S. G.P.O.,
|
| 300 |
|
|
|a vii, 53 pages :
|b illustrations (some color), maps ;
|c 28 cm.
|
| 336 |
|
|
|a text
|b txt
|2 rdacontent
|
| 337 |
|
|
|a unmediated
|b n
|2 rdamedia
|
| 338 |
|
|
|a volume
|b nc
|2 rdacarrier
|
| 490 |
1 |
|
|a The U.S. Navy and the Korean War
|
| 504 |
|
|
|a Includes bibliographical references (page 53).
|
| 536 |
|
|
|a From the Library Of Betty Miller Unterberger, Patricia and Bookman Peters, Professor of History, December 2005.
|
| 650 |
|
0 |
|a Korean War, 1950-1953
|x Naval operations, American.
|
| 610 |
1 |
0 |
|a United States.
|b Navy
|x History.
|
| 830 |
|
0 |
|a U.S. Navy and the Korean War.
|
| 994 |
|
|
|a C0
|b TXA
|
| 948 |
|
|
|a cataloged
|b h
|c 2006/2/28
|d c
|e aklinger
|f 3:29:38 pm
|
| 999 |
|
|
|a MARS
|
| 999 |
f |
f |
|s 61a7974d-f798-328d-9be7-bc61a4c05a5f
|i 1c864070-11e5-3fde-a511-18d59f41fc4a
|t 0
|
| 952 |
f |
f |
|p ric
|a Texas A&M University
|b Rellis Campus
|c Joint Library Facility
|d Remote Storage
|t 0
|e DS920.2.A2 A45 2001
|h Library of Congress classification
|i unmediated -- volume
|m A14833549519
|
| 998 |
f |
f |
|a DS920.2.A2 A45 2001
|t 0
|l Remote Storage
|